Al-Hilal SFC Squad 2023-2024 - Statistics

General Stats
  • This quiz has been taken 44 times
  • The average score is 13 of 31
Answer Stats
# Position Nation Player % Correct
10 FW Brazil Neymar Júnior
90%
8 MF Portugal Rúben Neves
81%
37 GK Morocco Yassine Bounou
81%
3 DF Senegal Kalidou Koulibaly
77%
22 MF Serbia Sergej Milinković-Savić
77%
9 FW Serbia Aleksandar Mitrović
74%
77 FW Brazil Malcom
74%
29 FW Saudi Arabia Salem Al-Dawsari
58%
16 DF Saudi Arabia Nasser Al-Dawsari
55%
- Coach Portugal Jorge Jesus
48%
4 DF Saudi Arabia Khalifah Al-Dawsari
48%
6 DF Brazil Renan Lodi
48%
96 FW Brazil Michael
45%
28 MF Saudi Arabia Mohamed Kanno
42%
11 FW Saudi Arabia Saleh Al-Shehri
39%
5 DF Saudi Arabia Ali Al-Bulayhi
35%
21 GK Saudi Arabia Mohammed Al-Owais
35%
7 MF Saudi Arabia Salman Al-Faraj
35%
66 DF Saudi Arabia Saud Abdulhamid
32%
12 DF Saudi Arabia Yasser Al-Shahrani
32%
14 FW Saudi Arabia Abdullah Al-Hamdan
29%
87 DF Saudi Arabia Hassan Tambakti
23%
56 FW Saudi Arabia Mohammed Al-Qahtani
23%
26 MF Saudi Arabia Abdulelah Al-Malki
19%
2 DF Saudi Arabia Mohammed Al-Burayk
19%
70 DF Saudi Arabia Mohammed Jahfali
19%
40 GK Saudi Arabia Ahmad Abu Rasen
10%
32 DF Saudi Arabia Muteb Al-Mufarrij
10%
43 MF Saudi Arabia Musab Al-Juwayr
6%
45 MF Saudi Arabia Faisal Al-Asmari
3%
31 GK Saudi Arabia Habib Al-Wutaian
3%
No matching quizzes found
Score Distribution
Percent of People with Each Score
Percentile by Number Answered
Your Score History
You have not taken this quiz